Statistiques concernant Focus sur: Vardamir - Tolkien

Cliquez ici pour prendre le quiz!

Statistiques générales

  • Ce quiz a été pris 3 fois
  • Le résultat moyen est 6 sur 15

Statistiques - réponses

Informations recherchéesRéponses% Correct
Age durant lequel il vécutDeuxième
100%
EspèceHomme
100%
Première apparitionLe Silmarillion
100%
IleNúmenor
100%
Maison (lignée)Númenor
100%
PèreElros
67%
Manwedil
33%
SœurTindómiel
33%
FrèresAntanaclar
0%
CitéArmenelos
0%
Aulendil
0%
Autre nomNólimon
0%
Nolondil
0%
FilsTar-Amandil
0%
FilleVardilmë
0%

Distribution des résultats

Percentile par nombre de réponses

% des personnes avec chaque résultat

Votre développement - résultats

Vous n’avez pas pris ce quiz